000 00801nam a2200253Ia 4500
003 OSt
005 20220926005358.0
006 a|||||r|||| 00| 0
007 ta
008 220923b |||||||| |||| 00| 0 eng d
020 _a9788183293556
_c1190
037 _b109/2011-12, 05/08/2011, PIONEER BOOK DISTRIBUTORS
_cGeneral Book
040 _aRTL
_cRTL
_beng
041 _2eng
_aeng
082 _aX625.1, P9
100 _aVERMA Sawalia Bihari
_9310159
245 0 _aMicrofinance and poverty
260 _a New Delhi
_bShree Publishers
_c2009
300 _axvi, 368p
_ccm.
500 _aBibliography chapterwise
650 _aCommerce
942 _hX625.1, P9
_cGB
_2CC
999 _c613618
_d613618